| 000 | 01404nam a22001937a 4500 | ||
|---|---|---|---|
| 005 | 20220113114349.0 | ||
| 008 | 220113b ||||| |||| 00| 0 eng d | ||
| 020 | _a9780099448822 | ||
| 040 | _cAL | ||
| 041 | _aEnglish | ||
| 082 |
_223 _a895.635 _bMURN |
||
| 100 |
_aHaruki Murakami _913074 |
||
| 245 | _aNorwegian Wood | ||
| 260 |
_aLondon _bVintage Books _c2003 |
||
| 300 |
_a389p. _bPB _c19.9x13cm. |
||
| 365 |
_2General _a4477 _b467.22 _c₹ _d599 _e22% _f18-12-2021 |
||
| 520 | _aWhen he hears her favourite Beatles song, Toru Watanabe recalls his first love Naoko, the girlfriend of his best friend Kizuki. Immediately he is transported back almost twenty years to his student days in Tokyo, adrift in a world of uneasy friendships, casual sex, passion, loss and desire - to a time when an impetuous young woman called Midori marches into his life and he has to choose between the future and the past. 'Evocative, entertaining, sexy and funny; but then Murakami is one of the best writers around' Time Out 'Such is the exquisite, gossamer construction of Murakami's writing that everything he chooses to describe trembles with symbolic possibility' Guardian 'This book is undeniably hip, full of student uprisings, free love, booze and 1960s pop, it's also genuinely emotionally engaging, and describes the highs of adolescence as well as the lows' Independent on Sunday | ||
| 942 |
_2ddc _cBK |
||
| 999 |
_c221177 _d221177 |
||